000 00674nam a2200217 a 4500
005 20240924064516.0
008 991125m19801998es 000 0 spa u
020 _a8432994022
035 _aUPN01000017896
049 _aCG
050 4 _aLB1140.3
_bE3.9 1980
245 0 0 _aEducación preescolar métodos, técnicas y organización /
_cCristina Castillo Cebrián ... [et al.].
250 _a3a ed.
260 _aBarcelona [Esp.] :
_bCEAC,
_c1980 (1998 impr.).
300 _a254 p.
440 0 _aEducación y enseñanza.
_pPreescolar
650 4 _aEducación preescolar
_91517
700 1 _aCastillo Cebrián, Cristina,
_ecoaut.
905 _aLibro
999 _c17896
_d17896